O grande Gatsby (Record no. 118702)

MARC details
000 -LÍDER
campo de controle de tamanho fixo 01460 a2200181 4500
001 - NÚMERO DE CONTROLE
campo de controle 118702
082 ## - CDD - CLASSIFICAÇÃO DECIMAL DE DEWEY
Número de Classificação 813
040 ## - FONTE DA CATALOGAÇÃO
Instituição da catalogação original BR-BrIDEA
Instituição que transcreveu o registro BR-BrIDEA
090 ## - NÚMERO DE CHAMADA LOCAL
Número de chamada (OCLC) (R); Número de chamada, CALL (RLIN) (NR) Year 10 813
Número Cutter local (OCLC); Número de classificação do livro, CALL (RLIN) FIT
100 ## - ENTRADA PRINCIPAL--NOME PESSOAL
Nome pessoal Fitzgerald, F. Scott
245 10 - TÍTULO
Título O grande Gatsby
Indicação de responsabilidade, etc. F. Scott Fitzgerald
260 ## - PUBLICAÇÃO, DISTRIBUIÇÃO, ETC.
Local de publicação, distribuição, etc. Rio de Janeiro
Nome do editor, distribuidor, etc. Borsoi
Data da publicação, distribuição, etc. [s.d.]
300 ## - DESCRIÇÃO FÍSICA
Extensão 156 p
520 ## - NOTA DE RESUMO, ETC
Resumo, etc. Nos tempos de Jay Gatsby, o jazz é a música do momento, a riqueza parece estar em toda parte, o gim é a bebida nacional (apesar da lei seca) e o sexo se torna uma obsessão americana. O protagonista deste romance é um generoso e misterioso anfitrião que abre a sua luxuosa mansão às festas mais extravagantes. O livro é narrado pelo aristocrata falido Nick Carraway, que vai para Nova York trabalhar como corretor de títulos. Passa a conviver com a prima, Daisy, por quem Gatsby é apaixonado, o marido dela, Tom Buchanan, e a golfista Jordan Baker, todos integrantes da aristocracia tradicional. Na raiz do drama, como nos outros livros de Fitzgerald, está o dinheiro. Mas o romantismo obsessivo de Gatsby com relação a Daisy se contrapõe ao materialismo do sonho americano, traduzido exclusivamente em riqueza. Aclamado pelos críticos desde a publicação, em 1925, O grande Gatsby é a obra-prima de Scott Fitzgerald, ícone da “geração perdida” e dos expatriados que foram para a Europa nos anos 1920.
697 ## - ENTRADA DE ASSUNTO LOCAL--ENTIDADE COLETIVA (RLIN)
Nome corporativo ou nome da jurisdição Literatura americana
856 ## - LOCALIZAÇÃO ELETRÔNICA E ACESSO
Uniform Resource Identifier <a href="000031/000031db.jpeg">000031/000031db.jpeg</a>
942 ## - ELEMENTOS DE ENTRADA ADICIONADOS (KOHA)
Tipo de material Koha Livros
Holdings
Situação do descarte Situação das perdas Fonte da classificação ou esquema de arquivamento na estante Situação física Não pode ser emprestado Biblioteca de origem Biblioteca atual Data de aquisição Total de empréstimos Número de chamada completo Código de barras Data de último acesso Data do último empréstimo Data do preço efetivo Tipo de material Koha
    Classificação Decimal de Dewey     ECB - SUDOESTE ECB - SUDOESTE 29/08/2022 1 Year 10 813 FIT 00059149SSW 18/04/2024 21/03/2024 23/01/2024 Livros